LEADER 01987oam 2200553M 450 001 9910716439003321 005 20200213070524.2 035 $a(CKB)5470000002521757 035 $a(OCoLC)1065817808 035 $a(OCoLC)995470000002521757 035 $a(EXLCZ)995470000002521757 100 $a20071213d1927 ua 0 101 0 $aeng 135 $aurcn||||||||| 181 $ctxt$2rdacontent 182 $cc$2rdamedia 183 $acr$2rdacarrier 200 10$aSurvey of Caloosahatchee River drainage area in Florida. January 28, 1927. -- Committed to the Committee of the Whole House on the State of the Union and ordered to be printed 210 1$a[Washington, D.C.] :$c[U.S. Government Printing Office],$d1927. 215 $a1 online resource (3 pages) 225 1 $aHouse report / 69th Congress, 2nd session. House ;$vno. 1888 225 1 $a[United States congressional serial set] ;$v[serial no. 8688] 300 $aBatch processed record: Metadata reviewed, not verified. Some fields updated by batch processes. 300 $aFDLP item number not assigned. 606 $aFlood control 606 $aHydrographic surveying 606 $aLakes 606 $aLegislative amendments 606 $aBodies of water 606 $aRivers 606 $aCost 608 $aLegislative materials.$2lcgft 615 0$aFlood control. 615 0$aHydrographic surveying. 615 0$aLakes. 615 0$aLegislative amendments. 615 0$aBodies of water. 615 0$aRivers. 615 0$aCost. 701 $aDriver$b William Joshua$f1873-1948$pDemocrat (AR)$01386184 801 0$bWYU 801 1$bWYU 801 2$bOCLCO 801 2$bOCLCQ 801 2$bOCLCO 906 $aBOOK 912 $a9910716439003321 996 $aSurvey of Caloosahatchee River drainage area in Florida. January 28, 1927. -- Committed to the Committee of the Whole House on the State of the Union and ordered to be printed$93524129 997 $aUNINA LEADER 03953nam 22009735 450 001 9910780079503321 005 20230607213252.0 010 $a0-520-93620-5 010 $a1-59734-515-6 024 7 $a10.1525/9780520936201 035 $a(CKB)111056485642036 035 $a(EBL)223311 035 $a(OCoLC)475927588 035 $a(SSID)ssj0000115813 035 $a(PQKBManifestationID)11143667 035 $a(PQKBTitleCode)TC0000115813 035 $a(PQKBWorkID)10026767 035 $a(PQKB)10959055 035 $a(DE-B1597)539700 035 $a(OCoLC)51825743 035 $a(DE-B1597)9780520936201 035 $a(MiAaPQ)EBC223311 035 $a(EXLCZ)99111056485642036 100 $a20200424h20022002 fg 0 101 0 $aeng 135 $aurnn#---|u||u 181 $ctxt 182 $cc 183 $acr 200 10$aBuilding the fourth estate $edemocratization and the rise of a free press in Mexico /$fChappell Lawson 210 1$aBerkeley, CA :$cUniversity of California Press,$d[2002] 210 4$dİ2002 215 $a1 online resource (303 p.) 300 $aDescription based upon print version of record. 311 0 $a0-520-23170-8 327 $tFront matter --$tContents --$tList of Illustrations --$tList of Tables --$tPreface --$t1. Introduction --$t2. The Perfect Dictatorship --$t3. Media Control under the Perfect Dictatorship --$t4. Media Coverage under the Perfect Dictatorship --$t5. Opening Mexico's Print Media --$t6. Opening Mexico's Broadcast Media --$t7. Media Opening and Civil Society in Mexico --$t8. Media Opening, Scandal, and Regime Delegitimation --$t9. Media Opening, Campaigns, and Elections --$t10. Conclusions --$tAppendix: Data for Figures and Tables --$tNotes --$tBibliography --$tIndex 330 $aBased on an in-depth examination of Mexico's print and broadcast media over the last twenty-five years, this book is the most richly detailed account available of the role of the media in democratization, demonstrating the reciprocal relationship between changes in the press and changes in the political system. In addition to illuminating the nature of political change in Mexico, this accessibly written study also has broad implications for understanding the role of the mass media in democratization around the world. 606 $aFreedom of the press 606 $aFreedom of the press - Mexico 606 $aGovernment and the press 606 $aGovernment and the press-- Mexico-- History-- 20th century 610 $abroadcast media. 610 $ademocracy. 610 $ademocratization. 610 $afree press. 610 $afreedom of press. 610 $aglobal politics. 610 $aglobalization. 610 $ahistorians. 610 $ajournalism. 610 $ajournalists. 610 $alatin america. 610 $amass media. 610 $amedia control. 610 $amedia coverage. 610 $amedia politics. 610 $amedia relations. 610 $amexican media. 610 $amexican politics. 610 $amexican press. 610 $amexico. 610 $amodern history. 610 $amodern mexico. 610 $anonfiction. 610 $apolitical changes. 610 $apress power. 610 $aprint media. 610 $arole of the media. 610 $arole of the press. 610 $asocial sciences. 610 $astudents and teachers. 610 $atextbooks. 615 4$aFreedom of the press. 615 4$aFreedom of the press - Mexico. 615 4$aGovernment and the press. 615 4$aGovernment and the press-- Mexico-- History-- 20th century. 676 $a323.44/5/0972 700 $aLawson$b Chappell$4aut$4http://id.loc.gov/vocabulary/relators/aut$01530730 801 0$bDE-B1597 801 1$bDE-B1597 906 $aBOOK 912 $a9910780079503321 996 $aBuilding the fourth estate$93775985 997 $aUNINA